Back to the bad old days? (Record no. 74907)

MARC details
000 -LEADER
fixed length control field 01050cab a2200241 4500
001 - CONTROL NUMBER
control field ABS68835
008 - FIXED-LENGTH DATA ELEMENTS--GENERAL INFORMATION
fixed length control field 050314n2005 000 0 eng u
035 ## - SYSTEM CONTROL NUMBER
System control number (Sirsi) u129037
100 ## - MAIN ENTRY--PERSONAL NAME
Personal name Birch, J.
245 ## - TITLE STATEMENT
Title Back to the bad old days?
260 ## - PUBLICATION, DISTRIBUTION, ETC.
Date of publication, distribution, etc. 2005
490 ## - SERIES STATEMENT
Series statement Roof
Volume/sequential designation March/April 2005, 22-27(6)
520 ## - SUMMARY, ETC.
Summary, etc. Reports on the results of new research undertaken to compile the "Roof Affordability Index 2005" and concludes that affordability for first-time buyers is almost as bad now as in the early 1990s but that a housing market crash in 2005 still looks unlikely without an external crisis to trigger it. Tables and graphs cover supporting data on affordability and a wide range of housing market factors as well as the "Roof Affordability Index 2005".
590 ## - LOCAL NOTE (RLIN)
Local note ABS
650 ## - SUBJECT ADDED ENTRY--TOPICAL TERM
Topical term or geographic name entry element HOUSE PRICES
650 ## - SUBJECT ADDED ENTRY--TOPICAL TERM
Topical term or geographic name entry element FIRST-TIME BUYERS
650 ## - SUBJECT ADDED ENTRY--TOPICAL TERM
Topical term or geographic name entry element AFFORDABILITY
650 ## - SUBJECT ADDED ENTRY--TOPICAL TERM
Topical term or geographic name entry element MORTGAGES
650 ## - SUBJECT ADDED ENTRY--TOPICAL TERM
Topical term or geographic name entry element REPOSSESSIONS
650 ## - SUBJECT ADDED ENTRY--TOPICAL TERM
Topical term or geographic name entry element HOUSE SALES
690 ## - LOCAL SUBJECT ADDED ENTRY--TOPICAL TERM (OCLC, RLIN)
Topical term or geographic name as entry element PROPERTY-RESIDENTIAL PROPERTY-RESIDENTIAL PROPERTY MARKET
942 ## - ADDED ENTRY ELEMENTS (KOHA)
Suppress in OPAC 0
Holdings
Withdrawn status Lost status Source of classification or shelving scheme Damaged status Not for loan Home library Current library Shelving location Date acquired Total Checkouts Full call number Barcode Date last seen Copy number Price effective from Koha item type
    Other/Generic Classification Scheme     London London Journal article 14/03/2005   ABS68835 129037-1001 06/08/2019 1 06/08/2019 Journal article